00851nam a2200265Ia 450000500170000000800410001702000180005804100080007608200150008424500770009925000180017630000250019449000330021965000340025265000320028670000430031870000400036194200150040126400310041633600270044733700330047433800280050704000350053599900150057020220317001723.0170328s2009 ag g 000 0 s  a9789500396516 aspa04a808.8bC8200aCuentos breves y extraordinarioscJorge Luis Borges, Adolfo Bioy Casares a1a. edición a157 páginasc19 cm aAniversario Losada 1938-2008142LEMBaLiteraturavColecciones142LEMBaCuentosvAntologías1 aBioy Casares, Adolfod1914-19999885531 aBorges, Jorge Luisd1899-198698805 2ddccBKLIT aBuenos AiresbLosadac2009 atextobtxt2rdacontent asin mediaciónbn2rdamedia avolumenbnc2rdacarrier aCO-BoRNBPbspaerdacCO-BoRNBP c7853d7853